Представление документа в формате RUSMARC

ПолеНазваниеЗначение
  Тип записи a
  Библиографический уровень m
001 Контрольный номер SKBR/b6a88913-1e6f-4a5d-b285-5a19e93f4efe
005 Дата корректировки 20231215122807.0
010 Индекс ISBN __
a ISBN 978-5-353-10187-1
9 Тираж 3000 экз.
b Уточнения в пер.
d Цена 924-00; 689-82
100 Данные общей обработки __
a Данные общей обработки 20221110d2022 d y0rusy028902 ca
101 Язык документа 1_
a Язык текста rus
c Язык оригинала eng
102 Страна публикации __
a Страна публикации RU
105 Кодированные данные (монография) __
a Кодированные данные (монография) a f 000yy
181 Поле кодированных данных: вид содержания _0
a Код вида содержания (ISBD) i
181 Поле кодированных данных: вид содержания _0
a Код вида содержания (ISBD) b
b Код характеристики содержания (ISBD)
182 Поле кодированных данных: тип средства _0
a Код типа средства (ISBD) n
200 Заглавие и сведения об ответственности 1_
a Заглавие Сухопутные гиганты
e Сведения, относящиеся к заглавию для среднего школьного возраста
f Первые сведения об ответственности Роб Шон, Дэвид Уэст
g Последующие сведения об ответственности перевод с английского А. Б. Ионова, Е. О. Токаревой
g Последующие сведения об ответственности [иллюстрации Дэвида Уэста]
203 Вид содержания и тип средства __
a Вид содержания Изображение
a Вид содержания Текст
c Тип средства непосредственные
210 Выходные данные 1_
a Место издания Москва
c Издательство Росмэн
d Дата издания 2022
215 Физическое описание __
a Объем 118, [1] с.
c Иллюстрации/тип воспроизводства цв. ил.
d Формат 26 см
225 Серия 1_
a Серия Динозавры
e Сведения, относящиеся к заглавию серии энциклопедия в комиксах
300 Общие примечания __
a Общие примечания Авторы указаны в выпускных данных
320 Библиография __
a Библиография Указатель: с. 118
330 Аннотация __
a Аннотация Книга посвящена крупнейшим динозаврам и млекопитающим, которые обитали на суше в доисторические времена. Основанные на палеонтологических открытиях комиксы перенесут читателя на миллионы лет назад и познакомят с первыми годами жизни детенышей гадрозавра, трицератопса, пахицефалозавра и шерстистого мамонта. Комиксы дополняют познавательная информация о всех встречающихся в книге ископаемых животных и галерея, в которой можно сравнить их размеры.
606 Тематические рубрики __
a Основная рубрика Биология
2 Код системы nlr_sh
606 Тематические рубрики __
a Основная рубрика Палеонтология
2 Код системы nlr_sh
610 Ключевые слова 0_
a Ключевые слова динозавры
610 Ключевые слова 0_
a Ключевые слова детская литература
610 Ключевые слова 0_
a Ключевые слова познавательная литература
610 Ключевые слова 0_
a Ключевые слова развивающая литература
610 Ключевые слова 0_
a Ключевые слова комиксы
610 Ключевые слова 0_
a Ключевые слова комиксы для детей
610 Ключевые слова 0_
a Ключевые слова детские комиксы
610 Ключевые слова 0_
a Ключевые слова палеонтологические исследования
610 Ключевые слова 0_
a Ключевые слова ископаемые животные
610 Ключевые слова 0_
a Ключевые слова исчезнувшие животные
610 Ключевые слова 0_
a Ключевые слова доисторические животные
610 Ключевые слова 0_
a Ключевые слова виды динозавров
610 Ключевые слова 0_
a Ключевые слова занимательная палеонтология
610 Ключевые слова 0_
a Ключевые слова рептилии
686 Индексы других классификаций __
a Классификационный индекс ст28.1я2
2 Код системы rubbks
700 Автор _1
a Фамилия Шон
b Имя Р.
g Полное личное имя Роб
4 Код отношения 070
701 Альтернативная интеллектуальная ответственность _1
a Фамилия Уэст
b Имя Д.
g Полное личное имя Дэвид
4 Код отношения 070
4 Код отношения 440
702 Вторичная интеллектуальная ответственность _1
a Фамилия Ионова
b Имя А. Б.
4 Код отношения 730
702 Вторичная интеллектуальная ответственность _1
a Фамилия Токарева
b Имя Е. О.
4 Код отношения 730
801 Источник записи _0
a Страна RU
b Организация NLR
c Дата составления 20221110
g Правила каталогизации PSBO
801 Источник записи _1
a Страна RU
b Организация NLR
c Дата составления 20221110
g Правила каталогизации PSBO
801 Источник записи _2
a Страна RU
b Организация NLR
c Дата составления 20221201
2 Код формата rusmarc
g Правила каталогизации PSBO
852 Данные о местонахождении __
i Авторский знак Ш 78
j Шифр хранения ст28.1я2
900 Макрообъекты __
a Макрообъекты Сухопутные гиганты. Динозавры. Энциклопедия в комиксах. 2022
901 Тип документа __
a Ответственный ООФиК/Волкова
t Тип документа m
903 Характеристики (МАРС) __
a Дата передачи 20230830; 20230531
c Наименование библиотеки (МАРС) Муниципальное бюджетное учреждение культуры "Централизованная библиотечная система" г. Сургут (Центральная городская библиотека им. А. С. Пушкина)
969 Тип издания __
a Тип издания издание для детей
a Тип издания энциклопедия
990 Данные о заказе (DOS) __
j Количество экземпляров (DOS) 2; 3
t N записи в КСУ для И/У (DOS) 202309; 202308